Polski Stand-Up - zgadnij stand-upera - Statystyki

Ogólne statystyki
  • Ten quiz został rozwiązany 35 razy
  • Średni wynik to 4 z 10
Statystyki odpowiedzi
Hint Odpowiedź % Poprawnych
Prowadzi podcast BITY Antoni Syrek-Dąbrowski
69%
Miał beefa z Piotrkiem Szumowskim Michał Leja
65%
Hipochondryk polskiej sceny Cezary Jurkiewicz
54%
Brał udział w Mam Talent w 2021 roku Łukasz Kowalski
50%
Bił się na gali Biznes Boxing Polska z Filipem Puzyrem Bartosz Zalewski
35%
Prowadził Roast Sebastiana Rejenta Maciej Adamczyk
35%
Dostał paczkę od House z bokserkami i butelką fanty Piotr Szumowski
31%
Kocha piwka Sebastian Rejent
31%
Po jednym z zakończonych występów oprowadzał publiczność po Warszawie Wojciech Fiedorczuk
23%
Jego imię i nazwisko to pseudonim Cezary Ponttefski
19%
Nie znaleziono quizów pasujących do podanych kryteriów
Rozkład punktacji
Procent ludzi z każdym wynikiem
Percentyl według liczby udzielonych odpowiedzi
Twoja historia wyników
Nie rozwiązałeś tego quizu